[Event "WYCC 2018 G14"]
[Site "Halkidiki"]
[Date "2018.10.29"]
[Round "10"]
[White "Dhyana Patel"]
[Black "Zhou, Iris"]
[Result "1-0"]
[WhiteElo "2002"]
[BlackElo "1779"]
[Annotator "NA"]
[PlyCount "121"]
[EventDate "2018.10.20"]
[EventType "swiss"]
[EventCountry "GRE"]
[SourceTitle "playchess.com"]
[Source "ChessBase"]
[SourceQuality "1"]
[TimeControl "40/5400+30:1800+30"]

1. e4 {[%emt 0:00:00]} c5 {[%emt 0:00:00]} 2. Nf3 {[%emt 0:00:00]} d6 {[%emt 0:00:00]} 3. d4 {[%emt 0:00:24]} Nf6 {[%emt 0:00:00]} 4. Nc3 {[%emt 0:06:30]} cxd4 {[%emt 0:00:00]} 5. Nxd4 {[%emt 0:02:17]} Nc6 {[%emt 0:00:00]} 6. Bg5 {[%emt 0:01:13]} e6 {[%emt 0:00:00]} 7. Bb5 {[%emt 0:01:45]} Bd7 {[%emt 0:00:04]} 8. Bxc6 {[%emt 0:00:43]} bxc6 {[%emt 0:00:05]} 9. O-O {[%emt 0:00:52] B62: Sicilian: Richter-Rauzer: 6...e6: Unusual White 7th moves} (9. Qf3 c5 10. Nb3 Be7 11. O-O-O Rc8 12. e5 dxe5 13. Bxf6 gxf6 14. Ne4 f5 15. Nd6+ Bxd6 16. Rxd6 Qg5+ 17. Kb1 Qf4 18. Qb7 {1-0 (27) Sychev,K (2534)-Murzin,V (2340) Sochi 2018}) 9... Be7 {[%emt 0:01:33]} 10. Nf3 {[%emt 0:03:21]} Qc7 {[%emt 0:05:24]} 11. Re1 {[%emt 0:00:30]} h6 $146 {[%emt 0:02:55]} ({Predecessor:} 11... e5 12. Qd2 Be6 13. b4 O-O 14. a4 h6 15. Bh4 Rab8 16. Rab1 Rb7 {0-1 (27) Velasques,W (2008)-Martins,E (2261) ICCF email 2007}) 12. Bf4 {[%emt 0:02:24]} e5 {[%emt 0:00:45]} 13. Bg3 {[%emt 0:01:28]} O-O {[%emt 0:01:33]} 14. Na4 {[%emt 0:00:43]} Be6 {[%emt 0:02:30]} 15. b3 {[%emt 0:00:31]} Nd7 {[%emt 0:08:26]} 16. c4 {[%emt 0:01:31]} Qa5 {[%emt 0:02:43]} 17. Rc1 {[%emt 0:05:09]} Nc5 {[%emt 0:02:28]} 18. Nc3 {[%emt 0:03:07]} f5 {[%emt 0:04:49]} 19. exf5 {[%emt 0:18:19]} Bxf5 {[%emt 0:00:11]} 20. Nxe5 {[%emt 0:03:53]} dxe5 {[%emt 0:01:13]} 21. Rxe5 {[%emt 0:00:29]} Rad8 $19 {[%emt 0:11:45]} 22. Qh5 {[%emt 0:16:10]} Bg6 {[%emt 0:03:55]} 23. Qxg6 {[%emt 0:01:15]} Qxc3 {[%emt 0:00:14]} 24. Qb1 {[%emt 0:11:13]} Qxc1+ {[%emt 0:12:34]} 25. Qxc1 {[%emt 0:00:13]} Nd3 {[%emt 0:00:04]} 26. Qc2 {[%emt 0:03:07]} Nxe5 {[%emt 0:00:06]} 27. Bxe5 {[%emt 0:00:04]} Bc5 {[%emt 0:00:55]} 28. Bg3 {[%emt 0:00:16]} Rde8 {[%emt 0:01:57]} 29. h4 {[%emt 0:02:09]} Re1+ {[%emt 0:02:16]} 30. Kh2 {[%emt 0:00:05]} Rf1 {[%emt 0:00:28]} 31. Qe2 {[%emt 0:02:37]} Bxf2 {[%emt 0:01:18]} 32. Qe6+ {[%emt 0:00:09]} Kh8 {[%emt 0:01:37]} 33. Be5 {[%emt 0:01:11]} Bg1+ {[%emt 0:00:14]} 34. Kh3 {[%emt 0:00:04]} Kh7 {[%emt 0:00:49]} 35. Qxc6 {[%emt 0:00:31]} Bf2 {[%emt 0:03:18]} 36. Qe4+ {[%emt 0:01:18]} Kh8 {[%emt 0:01:16]} 37. g3 {[%emt 0:02:36]} Re1 {[%emt 0:01:19]} 38. Qd5 {[%emt 0:00:07]} Re3 {[%emt 0:01:07]} 39. Qd6 {[%emt 0:01:14]} Kg8 {[%emt 0:02:01]} 40. h5 {[%emt 0:00:00]} Rff3 {[%emt 0:00:00]} 41. Qe6+ {[%emt 0:02:45]} Rf7 {[%emt 0:05:40]} 42. Qd5 {[%emt 0:00:27]} Ref3 {[%emt 0:02:10]} 43. Bf4 {[%emt 0:01:22]} Rc3 {[%emt 0:00:51]} 44. Qd2 {[%emt 0:00:12]} Rf3 {[%emt 0:04:20]} 45. Kg2 {[%emt 0:00:21]} R3xf4 {[%emt 0:01:13]} 46. gxf4 {[%emt 0:00:07]} Bb6 {[%emt 0:00:08]} 47. Qd5 {[%emt 0:00:12]} Bc7 {[%emt 0:00:39]} 48. f5 {[%emt 0:00:21]} Kf8 {[%emt 0:00:43]} 49. Qa8+ {[%emt 0:00:14]} Ke7 {[%emt 0:00:10]} 50. Qxa7 {[%emt 0:00:03]} Kd6 {[%emt 0:01:46]} 51. Qd4+ {[%emt 0:00:07]} Ke7 {[%emt 0:00:14]} 52. Qd5 {[%emt 0:00:05]} Rf6 {[%emt 0:00:37]} 53. c5 {[%emt 0:00:09]} Ra6 {[%emt 0:00:28]} 54. b4 {[%emt 0:00:05]} Ra3 {[%emt 0:00:37]} 55. Qe6+ {[%emt 0:00:04]} Kd8 {[%emt 0:00:17]} 56. Qg8+ {[%emt 0:00:10]} Kd7 {[%emt 0:00:08]} 57. Qxg7+ {[%emt 0:00:05]} Kc8 {[%emt 0:00:12]} 58. Qg8+ {[%emt 0:00:10]} Kb7 {[%emt 0:00:07]} 59. f6 {[%emt 0:00:05]} Rd3 {[%emt 0:00:29]} 60. f7 {[%emt 0:00:33]} Rd2+ {[%emt 0:00:07]} 61. Kf3 {[%emt 0:00:05]} 1-0

[Event "WYCC 2018 G14"]
[Site "Halkidiki"]
[Date "2018.10.29"]
[Round "10"]
[White "Mrudul Dehankar"]
[Black "Kuhar, Larisa"]
[Result "1-0"]
[WhiteElo "1996"]
[BlackElo "1916"]
[Annotator "NA"]
[PlyCount "57"]
[EventDate "2018.10.20"]
[EventType "swiss"]
[EventCountry "GRE"]
[SourceTitle "playchess.com"]
[Source "ChessBase"]
[SourceQuality "1"]
[TimeControl "40/5400+30:1800+30"]

1. e4 {[%emt 0:00:00]} c5 {[%emt 0:00:00]} 2. Nf3 {[%emt 0:00:00]} d6 {[%emt 0:00:00]} 3. d4 {[%emt 0:00:00]} cxd4 {[%emt 0:00:00]} 4. Qxd4 {[%emt 0:00:04]} Nc6 {[%emt 0:00:55]} 5. Bb5 {[%emt 0:00:07]} Bd7 {[%emt 0:00:10]} 6. Bxc6 {[%emt 0:00:08]} Bxc6 {[%emt 0:00:08]} 7. Nc3 {[%emt 0:01:03]} Nf6 {[%emt 0:04:26]} 8. Bg5 {[%emt 0:00:35]} e6 {[%emt 0:04:56]} 9. O-O-O {[%emt 0:00:41]} Be7 $1 {[%emt 0:01:52] LiveBook: 1383 Games} 10. Qd3 {[%emt 0:02:09]} Qa5 {[%emt 0:05:54]} 11. h4 {[%emt 0:02:01]} O-O {[%emt 0:07:36]} 12. Nd4 {[%emt 0:01:01]} Rac8 {[%emt 0:02:30]} 13. f4 {[%emt 0:07:10]} Rfd8 {[%emt 0:08:54] B53: Sicilian: 2...d6: Lines with Qxd4} (13... Rfe8 14. f5 Bd7 15. Nb3 Qc7 16. e5 Nd5 17. fxe6 fxe6 18. Nxd5 exd5 19. Qxd5+ Kh8 20. c3 Bc6 21. exd6 Bxd5 22. dxc7 Bxb3 23. axb3 Bxg5+ 24. hxg5 Rxc7 {1-0 (43) Ma,Q (2606)-Wang,P (2457) Auckland 2016}) 14. Kb1 {[%emt 0:06:38]} a6 {[%emt 0:03:01]} 15. a3 $146 {[%emt 0:07:24]} ({Predecessor:} 15. f5 Bd7 16. g4 b5 17. Nce2 Re8 18. Nf4 Bd8 19. Nh5 Nxh5 20. gxh5 exf5 21. exf5 {1-0 (40) Tseitlin,M (2419)-Ivanovic,B (2409) Thessaloniki 2011}) 15... b5 {[%emt 0:12:46]} 16. e5 {[%emt 0:06:34]} dxe5 {[%emt 0:12:32]} 17. fxe5 $18 {[%emt 0:00:19]} Qc7 {[%emt 0:10:59]} 18. exf6 {[%emt 0:01:35]} Bc5 {[%emt 0:00:29]} 19. Nce2 {[%emt 0:05:01]} e5 {[%emt 0:01:50]} 20. Qg3 {[%emt 0:05:05]} Bxd4 {[%emt 0:04:42]} 21. Nxd4 {[%emt 0:02:11]} Be4 {[%emt 0:03:45]} 22. Bf4 {[%emt 0:04:39]} g6 {[%emt 0:02:01]} 23. Bxe5 {[%emt 0:00:53]} Bxc2+ {[%emt 0:00:47]} 24. Ka1 {[%emt 0:00:17]} Qd7 {[%emt 0:07:14]} 25. Nxc2 {[%emt 0:02:17]} Qxd1+ {[%emt 0:00:42]} 26. Rxd1 {[%emt 0:00:05]} Rxd1+ {[%emt 0:00:06]} 27. Ka2 {[%emt 0:00:02]} Rxc2 {[%emt 0:01:10]} 28. Qf4 {[%emt 0:00:24]} Kf8 {[%emt 0:01:47]} 29. Bd6+ {[%emt 0:00:20]} 1-0

[Event "WYCC 2018 G14"]
[Site "Halkidiki"]
[Date "2018.10.29"]
[Round "10"]
[White "Sim, Jia Ru"]
[Black "De Rycke, Tyani"]
[Result "1-0"]
[WhiteElo "1979"]
[BlackElo "1758"]
[Annotator "NA"]
[PlyCount "101"]
[EventDate "2018.10.20"]
[EventType "swiss"]
[EventCountry "GRE"]
[SourceTitle "playchess.com"]
[Source "ChessBase"]
[SourceQuality "1"]
[TimeControl "40/5400+30:1800+30"]

1. e4 {[%emt 0:00:00]} c5 {[%emt 0:00:00]} 2. Nf3 {[%emt 0:00:00]} e6 {[%emt 0:00:00]} 3. c3 {[%emt 0:00:00]} d5 {[%emt 0:00:00]} 4. exd5 {[%emt 0:00:03]} Qxd5 {[%emt 0:00:08]} 5. d4 {[%emt 0:00:09]} Nf6 {[%emt 0:00:18]} 6. Be2 {[%emt 0:00:14]} Nc6 {[%emt 0:00:14]} 7. O-O {[%emt 0:00:19]} cxd4 {[%emt 0:00:42]} 8. cxd4 {[%emt 0:00:10]} Be7 {[%emt 0:00:38]} 9. Nc3 {[%emt 0:00:20]} Qd8 {[%emt 0:00:37]} 10. a3 {[%emt 0:01:08]} O-O {[%emt 0:00:40]} 11. Bf4 {[%emt 0:01:42] B22: Sizilianisch (Alapin 2.c3)} Nd5 {[%emt 0:01:50]} 12. Bg3 {[%emt 0:00:28]} Bd6 $146 {[%emt 0:04:07]} ({Vorgänger:} 12... a6 13. Qc2 Bf6 14. Rfd1 Nce7 15. Ne4 Nf5 16. Nxf6+ Nxf6 17. Be5 Nd5 18. Bd3 h6 {0-1 (61) Cave,C (2205)-Ahmad,A (2350) Elista 1998}) 13. Bc4 {[%emt 0:06:37]} Bxg3 {[%emt 0:01:06]} 14. hxg3 {[%emt 0:00:18]} Nce7 {[%emt 0:00:25]} 15. Qd3 {[%emt 0:02:20]} h6 {[%emt 0:11:23]} 16. Rac1 {[%emt 0:04:11]} b6 {[%emt 0:01:38]} 17. Ba2 {[%emt 0:02:06]} Bb7 {[%emt 0:02:14]} 18. Bb1 {[%emt 0:01:29]} Nf6 {[%emt 0:00:26]} 19. Ne5 {[%emt 0:01:39]} g6 {[%emt 0:14:11]} 20. Rfd1 {[%emt 0:02:02]} Qd6 {[%emt 0:01:48]} 21. Ba2 {[%emt 0:14:09]} a6 {[%emt 0:02:18]} 22. g4 {[%emt 0:08:10]} Nfd5 $16 {[%emt 0:04:35]} (22... Kg7 $11 {keeps the balance.}) 23. Ne4 {[%emt 0:04:07]} Qd8 {[%emt 0:02:05]} 24. Qd2 {[%emt 0:08:15]} Kg7 {[%emt 0:01:08]} 25. g5 {[%emt 0:01:11]} h5 {[%emt 0:04:00]} 26. Nf6 {[%emt 0:22:50]} Nf5 {[%emt 0:12:03]} 27. Ned7 {[%emt 0:04:30]} Rh8 {[%emt 0:01:09]} 28. Bxd5 {[%emt 0:01:18]} Bxd5 {[%emt 0:00:14]} 29. Qf4 {[%emt 0:00:09]} Rg8 30. Qe5 {[%emt 0:00:41]} Kh8 {[%emt 0:14:32]} 31. Nxd5+ {[%emt 0:00:19]} f6 {[%emt 0:00:12]} 32. N5xf6 {[%emt 0:00:42]} Rg7 {[%emt 0:00:16]} 33. Rc7 {[%emt 0:01:06]} b5 {[%emt 0:00:29]} 34. Rdc1 {[%emt 0:00:35]} Ne7 {[%emt 0:02:41]} 35. Qxe6 {[%emt 0:00:43]} Nf5 {[%emt 0:00:23]} 36. Qd5 {[%emt 0:05:27]} a5 {[%emt 0:01:29]} 37. Qxa8 {[%emt 0:01:30]} Qxa8 {[%emt 0:00:29]} 38. Rc8+ {[%emt 0:00:04]} Rg8 {[%emt 0:00:13]} 39. Rxg8+ {[%emt 0:00:07]} Qxg8 {[%emt 0:00:06]} 40. Nxg8 {[%emt 0:00:00]} Kxg8 {[%emt 0:00:00]} 41. Nf6+ {[%emt 0:00:13]} Kf7 {[%emt 0:00:14]} 42. d5 {[%emt 0:00:18]} Nd4 {[%emt 0:00:09]} 43. Rc7+ {[%emt 0:00:13]} Kf8 {[%emt 0:00:05]} 44. d6 {[%emt 0:00:18]} Ne6 {[%emt 0:00:10]} 45. Rc8+ {[%emt 0:00:13]} Kf7 {[%emt 0:00:07]} 46. d7 {[%emt 0:00:05]} Ke7 {[%emt 0:00:10]} 47. Re8+ {[%emt 0:00:06]} Kd6 {[%emt 0:00:10]} 48. Rxe6+ {[%emt 0:00:08]} Kxe6 {[%emt 0:00:06]} 49. d8=Q {[%emt 0:00:09]} Kf7 {[%emt 0:00:06]} 50. Qe8+ {[%emt 0:00:09]} Kg7 {[%emt 0:00:06]} 51. Qg8# {[%emt 0:00:08]} 1-0

[Event "WYCC 2018 G14"]
[Site "Halkidiki"]
[Date "2018.10.29"]
[Round "10"]
[White "Hrebenshchykova, Yelyzaveta"]
[Black "Caglar, Sila"]
[Result "1-0"]
[WhiteElo "1968"]
[BlackElo "2184"]
[Annotator "NA"]
[PlyCount "97"]
[EventDate "2018.10.20"]
[EventType "swiss"]
[EventCountry "GRE"]
[SourceTitle "playchess.com"]
[Source "ChessBase"]
[SourceQuality "1"]
[TimeControl "40/5400+30:1800+30"]

1. e4 {[%emt 0:00:00]} c5 {[%emt 0:00:00]} 2. Nf3 {[%emt 0:00:00]} e6 {[%emt 0:00:00]} 3. d4 {[%emt 0:00:00]} cxd4 {[%emt 0:00:00]} 4. Nxd4 {[%emt 0:00:00]} a6 {[%emt 0:00:00]} 5. Nc3 {[%emt 0:00:05]} Qc7 {[%emt 0:00:00] LiveBook: 7503 Games} 6. Be2 {[%emt 0:00:32]} b5 {[%emt 0:00:05]} 7. O-O {[%emt 0:07:37]} Bb7 {[%emt 0:00:14]} 8. Bf3 {[%emt 0:00:11]} Nc6 {[%emt 0:00:09]} 9. Nxc6 {[%emt 0:00:43]} dxc6 {[%emt 0:00:06]} 10. a4 {[%emt 0:00:06]} Nf6 {[%emt 0:01:46] B43: Sicilian: Kan Variation: 5 Nc3} (10... Bd6 11. axb5 cxb5 12. e5 Bxe5 13. Nxb5 axb5 14. Rxa8+ Bxa8 15. Bxa8 Nf6 16. h3 O-O 17. Bf3 b4 18. Bd2 Rd8 {½-½ (61) Nisipeanu,L (2668)-Ivanchuk,V (2787) Khanty-Mansiysk 2007}) 11. Qe2 {[%emt 0:10:43]} e5 {[%emt 0:00:58]} 12. Be3 {[%emt 0:13:49]} Be7 {[%emt 0:03:49]} 13. g3 $146 {[%emt 0:02:01]} ({Predecessor:} 13. axb5 axb5 14. Rxa8+ Bxa8 15. Nb1 O-O 16. Nd2 Rb8 17. c4 Qa5 18. Rc1 {0-1 (30) Iglesias,J (2366)-Zapata,A (2549) Andorra 2002}) 13... O-O {[%emt 0:01:14]} 14. Bg2 {[%emt 0:00:15]} b4 {[%emt 0:10:50]} 15. Nb1 {[%emt 0:03:29]} Bc8 {[%emt 0:10:17]} 16. f3 {[%emt 0:12:29]} Be6 {[%emt 0:01:15]} 17. Nd2 {[%emt 0:00:12]} Nd7 {[%emt 0:03:01]} 18. b3 {[%emt 0:08:35]} Bc5 {[%emt 0:01:37]} 19. Bxc5 {[%emt 0:04:57]} Nxc5 {[%emt 0:00:20]} 20. Nc4 $11 {[%emt 0:00:05]} Bxc4 {[%emt 0:03:27]} 21. Qxc4 {[%emt 0:00:20]} Qb6 {[%emt 0:00:22]} 22. Kh1 {[%emt 0:03:04]} Ne6 {[%emt 0:03:51]} 23. f4 {[%emt 0:04:28]} Qc5 {[%emt 0:01:59]} 24. Qxc5 {[%emt 0:05:18]} Nxc5 {[%emt 0:00:05]} 25. Rad1 {[%emt 0:00:21]} f6 {[%emt 0:02:50]} 26. Rd6 {[%emt 0:01:15]} Rac8 {[%emt 0:10:52]} 27. Kg1 {[%emt 0:01:05]} Rfd8 {[%emt 0:03:42]} 28. Rfd1 {[%emt 0:00:27]} Rxd6 {[%emt 0:01:07]} 29. Rxd6 {[%emt 0:00:05]} Kf8 {[%emt 0:00:17]} 30. Kf2 {[%emt 0:03:17]} Ke7 {[%emt 0:01:46]} 31. Rd2 {[%emt 0:01:22]} exf4 {[%emt 0:07:42]} 32. gxf4 {[%emt 0:00:07]} g5 {[%emt 0:00:13]} 33. fxg5 {[%emt 0:05:22]} fxg5 {[%emt 0:00:43]} 34. Ke3 {[%emt 0:00:14]} a5 {[%emt 0:00:53]} 35. Bh3 {[%emt 0:09:54]} Rg8 {[%emt 0:10:58]} 36. Bf5 {[%emt 0:00:24]} h5 {[%emt 0:00:09]} 37. Rd4 {[%emt 0:00:57]} g4 {[%emt 0:02:11]} 38. Rc4 {[%emt 0:00:20]} Kd6 {[%emt 0:01:25]} 39. Kf4 {[%emt 0:02:43]} Nb7 {[%emt 0:09:47]} 40. e5+ {[%emt 0:00:00]} Kc7 {[%emt 0:00:00]} 41. Rd4 {[%emt 0:10:27]} Rg7 {[%emt 0:04:45]} 42. e6 {[%emt 0:02:38]} c5 {[%emt 0:01:11]} 43. Rd5 {[%emt 0:05:21]} Re7 {[%emt 0:10:38]} 44. Ke5 {[%emt 0:04:08]} Re8 {[%emt 0:04:39]} 45. Rd7+ {[%emt 0:02:29]} Kb6 {[%emt 0:01:26]} 46. e7 {[%emt 0:01:43]} c4 {[%emt 0:00:29]} 47. Kf6 {[%emt 0:01:13]} Nc5 {[%emt 0:01:10]} 48. Rd8 {[%emt 0:00:28]} cxb3 {[%emt 0:00:49]} 49. cxb3 {[%emt 0:00:10]} 1-0

[Event "WYCC 2018 G14"]
[Site "Halkidiki"]
[Date "2018.10.29"]
[Round "10"]
[White "Randrianarimanana, Alicia"]
[Black "Brunner, Sophia"]
[Result "1-0"]
[WhiteElo "1947"]
[BlackElo "1812"]
[Annotator "NA"]
[PlyCount "67"]
[EventDate "2018.10.20"]
[EventType "swiss"]
[EventCountry "GRE"]
[SourceTitle "playchess.com"]
[Source "ChessBase"]
[SourceQuality "1"]
[TimeControl "40/5400+30:1800+30"]

1. e4 {[%emt 0:00:00]} d5 {[%emt 0:00:00]} 2. exd5 {[%emt 0:00:00]} Nf6 {[%emt 0:00:00]} 3. Nf3 {[%emt 0:00:08]} Nxd5 {[%emt 0:00:13]} 4. d4 {[%emt 0:00:34]} Bf5 {[%emt 0:01:53]} 5. c4 {[%emt 0:00:35]} Nb6 {[%emt 0:04:29]} 6. Nc3 {[%emt 0:00:25]} e6 {[%emt 0:02:29]} 7. a3 {[%emt 0:07:32]} N8d7 {[%emt 0:13:57]} 8. c5 {[%emt 0:05:07]} Nc8 {[%emt 0:06:10]} 9. Bf4 {[%emt 0:19:12]} c6 {[%emt 0:08:11]} 10. Qb3 {[%emt 0:19:54]} b6 {[%emt 0:01:26]} 11. Ba6 {[%emt 0:01:08]} Bxc5 {[%emt 0:17:16]} 12. Bb7 {[%emt 0:06:32]} Bd6 {[%emt 0:19:17]} 13. Bxa8 {[%emt 0:01:34]} Bxf4 {[%emt 0:00:08]} 14. Bxc6 {[%emt 0:00:19]} O-O {[%emt 0:00:39]} 15. Be4 {[%emt 0:12:08]} Nd6 {[%emt 0:03:33]} 16. Bxf5 {[%emt 0:00:08]} Nxf5 {[%emt 0:00:07]} 17. O-O {[%emt 0:00:49]} Nf6 {[%emt 0:01:12]} 18. Ne2 {[%emt 0:01:38]} Bh6 {[%emt 0:01:16]} 19. h3 {[%emt 0:01:37]} Nd5 {[%emt 0:01:16]} 20. Kh1 {[%emt 0:06:28]} Nd6 {[%emt 0:05:41]} 21. Rad1 {[%emt 0:00:52]} Ne4 {[%emt 0:02:17]} 22. Nc3 {[%emt 0:00:52]} Nexc3 {[%emt 0:03:09]} 23. bxc3 {[%emt 0:00:05]} Qd6 {[%emt 0:00:32]} 24. c4 {[%emt 0:03:04]} Nf4 {[%emt 0:01:15]} 25. Rfe1 {[%emt 0:01:19]} f5 {[%emt 0:02:09]} 26. Qb4 {[%emt 0:03:15]} Qc6 {[%emt 0:01:57]} 27. d5 {[%emt 0:00:04]} Qb7 {[%emt 0:00:58]} 28. dxe6 {[%emt 0:00:44]} Re8 {[%emt 0:01:55]} 29. Qb5 {[%emt 0:01:13]} Qc8 {[%emt 0:00:31]} 30. Qxf5 {[%emt 0:00:37]} Nxe6 {[%emt 0:00:24]} 31. Qd5 {[%emt 0:02:18]} Bf4 {[%emt 0:00:37]} 32. Nd4 {[%emt 0:00:21]} Kf7 {[%emt 0:00:08]} 33. Qf5+ {[%emt 0:00:37]} Kg8 {[%emt 0:00:07]} 34. Nxe6 {[%emt 0:00:07]} 1-0

[Event "WYCC 2018 G14"]
[Site "Halkidiki"]
[Date "2018.10.29"]
[Round "10"]
[White "Baiburina, Kamilla"]
[Black "Vuong, Quynh Anh"]
[Result "0-1"]
[WhiteElo "1907"]
[BlackElo "1747"]
[Annotator "NA"]
[PlyCount "90"]
[EventDate "2018.10.20"]
[EventType "swiss"]
[EventCountry "GRE"]
[SourceTitle "playchess.com"]
[Source "ChessBase"]
[SourceQuality "1"]
[TimeControl "40/5400+30:1800+30"]

1. e4 c6 2. Nc3 d5 3. Nf3 Bg4 4. h3 Bxf3 5. Qxf3 e6 6. d3 Bb4 7. Bd2 {B11: Caro-Kann: Two Knights Variation} Ne7 8. Qg3 $146 ({Predecessor:} 8. a3 Ba5 9. g3 Nd7 10. Bg2 O-O 11. O-O d4 12. Nb1 Bxd2 13. Nxd2 b5 14. Qe2 Qc7 {1-0 (31) Can,E (2464)-Steingrimsson,H (2540) Beijing 2008}) 8... Ng6 9. Be2 d4 10. Nd1 Bxd2+ 11. Kxd2 e5 12. Ke1 Nd7 13. Kf1 O-O 14. Kg1 Qa5 15. c3 c5 16. h4 Nf4 17. Bf1 Nf6 18. Qf3 h5 19. g3 Ng6 20. Bh3 $15 Rad8 21. c4 Qd2 22. a3 a6 23. Bf1 Rb8 24. Qe2 Qxe2 25. Bxe2 b5 26. Rc1 Rfc8 27. Kg2 bxc4 28. Rxc4 Rb3 29. Rf1 Ne8 30. f4 Nd6 31. Ra4 c4 32. Rxa6 cxd3 33. Bxd3 Rxd3 34. Rxd6 exf4 35. gxf4 Nxh4+ 36. Kg1 Nf3+ 37. Kg2 Rc2+ 38. Rf2 Ne1+ 39. Kf1 Rxd1 40. Rxc2 Nxc2+ 41. Ke2 Rg1 42. Kd3 Ne1+ 43. Ke2 h4 44. Kf2 Nf3 45. Rd5 g6 0-1

[Event "WYCC 2018 G14"]
[Site "Halkidiki"]
[Date "2018.10.29"]
[Round "10"]
[White "Nguyen, Thien Ngan"]
[Black "Dimitrijevic, Andjela"]
[Result "1-0"]
[WhiteElo "1888"]
[BlackElo "1744"]
[Annotator "NA"]
[PlyCount "141"]
[EventDate "2018.10.20"]
[EventType "swiss"]
[EventCountry "GRE"]
[SourceTitle "playchess.com"]
[Source "ChessBase"]
[SourceQuality "1"]
[TimeControl "40/5400+30:1800+30"]

1. e4 {[%emt 0:00:00]} c5 {[%emt 0:00:00]} 2. Nf3 {[%emt 0:00:00]} d6 {[%emt 0:00:00]} 3. d4 {[%emt 0:00:00]} cxd4 {[%emt 0:00:28]} 4. Nxd4 {[%emt 0:00:00]} Nf6 {[%emt 0:00:15]} 5. Nc3 {[%emt 0:00:00]} Nc6 {[%emt 0:00:15]} 6. Be2 {[%emt 0:00:03]} e5 {[%emt 0:01:26]} 7. Nb3 {[%emt 0:02:53]} Be7 {[%emt 0:02:00]} 8. Bg5 {[%emt 0:01:04]} O-O {[%emt 0:03:04]} 9. Bxf6 {[%emt 0:01:45]} Bxf6 {[%emt 0:00:57]} 10. O-O {[%emt 0:01:20]} Be6 {[%emt 0:21:27]} 11. Nd5 {[%emt 0:04:31]} Bg5 {[%emt 0:03:57]} 12. c3 {[%emt 0:03:23]} Ne7 {[%emt 0:05:56]} 13. c4 {[%emt 0:07:29]} Nxd5 {[%emt 0:13:27]} 14. exd5 {[%emt 0:02:50]} Bd7 {[%emt 0:04:16]} 15. a4 {[%emt 0:06:28]} b6 {[%emt 0:06:59]} 16. Ra3 {[%emt 0:09:57]} a5 {[%emt 0:07:31]} 17. Na1 {[%emt 0:03:42]} f5 {[%emt 0:01:43]} 18. Nc2 {[%emt 0:02:05]} Qe8 {[%emt 0:06:18]} 19. Qa1 {[%emt 0:09:37]} g6 {[%emt 0:05:43]} 20. Rd1 {[%emt 0:06:23]} Bh6 {[%emt 0:01:40]} 21. Rb1 {[%emt 0:08:46]} Bd2 {[%emt 0:11:46]} 22. Rd3 {[%emt 0:04:18]} Bh6 {[%emt 0:00:17]} 23. b3 {[%emt 0:03:07]} Bg7 {[%emt 0:01:04]} 24. Qa3 {[%emt 0:03:19]} Qe7 {[%emt 0:00:43]} 25. b4 {[%emt 0:03:01]} Rfb8 {[%emt 0:00:32]} 26. Rdb3 {[%emt 0:02:07]} axb4 {[%emt 0:00:34]} 27. Rxb4 {[%emt 0:00:07]} Qd8 {[%emt 0:00:29]} 28. Qb3 {[%emt 0:01:39]} Bf8 {[%emt 0:00:10]} 29. Na3 {[%emt 0:04:16]} Ra5 {[%emt 0:00:37]} 30. Nb5 {[%emt 0:00:53]} Be8 {[%emt 0:00:42]} 31. Nc3 {[%emt 0:03:22]} Qc7 {[%emt 0:00:31]} 32. g3 {[%emt 0:04:18]} Kh8 {[%emt 0:00:29]} 33. Rxb6 {[%emt 0:01:48]} Rxb6 {[%emt 0:00:29]} 34. Qxb6 {[%emt 0:00:03]} Qxb6 {[%emt 0:00:30]} 35. Rxb6 {[%emt 0:00:02]} Bxa4 {[%emt 0:00:26]} 36. Nb5 {[%emt 0:00:36]} Bxb5 {[%emt 0:00:34]} 37. cxb5 {[%emt 0:00:00]} Ra8 {[%emt 0:00:29]} 38. Rc6 {[%emt 0:00:18]} Rb8 {[%emt 0:00:34]} 39. b6 {[%emt 0:00:18]} Ra8 {[%emt 0:00:23]} 40. b7 {[%emt 0:00:00]} Ra1+ {[%emt 0:00:00]} 41. Kg2 {[%emt 0:01:24]} Rb1 {[%emt 0:02:50]} 42. Ba6 {[%emt 0:00:27]} Kg8 {[%emt 0:03:24]} 43. Rc8 {[%emt 0:00:12]} Kg7 {[%emt 0:00:29]} 44. b8=Q {[%emt 0:00:07]} Rxb8 {[%emt 0:00:07]} 45. Rxb8 {[%emt 0:00:06]} h6 {[%emt 0:03:50]} 46. Re8 {[%emt 0:00:23]} Kf7 {[%emt 0:00:51]} 47. Re6 {[%emt 0:00:09]} Be7 {[%emt 0:00:42]} 48. Kf3 {[%emt 0:00:21]} e4+ {[%emt 0:01:00]} 49. Ke2 {[%emt 0:00:08]} Bf8 {[%emt 0:00:27]} 50. Kd2 {[%emt 0:00:26]} Be7 {[%emt 0:00:43]} 51. Kc2 {[%emt 0:00:05]} h5 {[%emt 0:00:13]} 52. Kb3 {[%emt 0:00:15]} g5 {[%emt 0:00:29]} 53. Kc4 {[%emt 0:00:35]} Ke8 {[%emt 0:00:38]} 54. Kb5 {[%emt 0:00:25]} Kd7 {[%emt 0:00:30]} 55. Bc8+ {[%emt 0:00:06]} Kd8 {[%emt 0:00:13]} 56. Kc6 {[%emt 0:00:14]} h4 {[%emt 0:00:48]} 57. Rxe7 {[%emt 0:00:23]} Kxe7 {[%emt 0:00:08]} 58. Bxf5 {[%emt 0:00:06]} hxg3 {[%emt 0:00:13]} 59. hxg3 {[%emt 0:00:06]} e3 {[%emt 0:00:06]} 60. fxe3 {[%emt 0:00:04]} g4 {[%emt 0:00:13]} 61. Bxg4 {[%emt 0:00:05]} Kd8 {[%emt 0:00:10]} 62. Kxd6 {[%emt 0:00:05]} Ke8 {[%emt 0:00:08]} 63. Kc7 {[%emt 0:00:06]} Ke7 {[%emt 0:00:11]} 64. d6+ {[%emt 0:00:05]} Ke8 {[%emt 0:00:07]} 65. d7+ {[%emt 0:00:05]} Ke7 {[%emt 0:00:03]} 66. d8=Q+ {[%emt 0:00:08]} Kf7 {[%emt 0:00:07]} 67. Qd6 {[%emt 0:00:08]} Kg7 {[%emt 0:00:13]} 68. Bf5 {[%emt 0:00:35]} Kg8 {[%emt 0:00:23]} 69. Qg6+ {[%emt 0:00:06]} Kf8 {[%emt 0:00:17]} 70. Be6 {[%emt 0:00:05]} Ke7 {[%emt 0:00:06]} 71. Qf7# {[%emt 0:00:04]} 1-0